Manual de proyectos de mejoramiento educativo
Guardat en:
| Autor corporatiu: | , |
|---|---|
| Format: | Llibre |
| Idioma: | espanyol |
| Publicat: |
Santiago
Ministerio de Educación
2000
|
| Matèries: | |
| Etiquetes: |
Afegir etiqueta
Sense etiquetes, Sigues el primer a etiquetar aquest registre!
|
MARC
| LEADER | 00000nam a2200000 a 4500 | ||
|---|---|---|---|
| 001 | UCH4095 | ||
| 003 | CL-VaPUC | ||
| 008 | 090818e20000000CL |||||||||||||||||spa|d | ||
| 082 | 0 | 4 | |a 371.3 |b MIN |2 21 |
| 110 | 2 | |a Ministerio de Educación |e author |9 539567 | |
| 710 | 2 | |a Fondo de Proyectos de Mejoramiento Educativo |e author |9 539568 | |
| 245 | 1 | 0 | |a Manual de proyectos de mejoramiento educativo |
| 300 | |a v | ||
| 942 | |c BK | ||
| 945 | |d 20090818 00:00:00 |a lazolas | ||
| 260 | |a Santiago |b Ministerio de Educación |c 2000 | ||
| 500 | |a v.1: Elementos fundamentales para la elaboración de proyectos | ||
| 500 | |a v.2: Cuaderno de trabajo | ||
| 650 | 7 | |a PROYECTOS EDUCACIONALES |2 CL-VaPUC |9 539569 | |
| 650 | 0 | |a Calidad de la educación |9 307271 | |
| 650 | 0 | |a Métodos de enseñanza |9 270413 | |
| 650 | 0 | |a Escuelas |9 308582 | |
| 650 | 0 | |a Profesores |9 308968 | |
| 650 | 0 | |a Política educacional |9 308011 | |
| 650 | 7 | |a DESARROLLO DE LA EDUCACION |2 CL-VaPUC |9 539570 | |
| 650 | 0 | |a Evaluación de la educación |9 237505 | |
| 650 | 0 | |a Educación básica |9 224933 | |
| 650 | 0 | |a Planificación de la educación |9 307333 | |
| 650 | 0 | |a Sistemas educacionales |9 324695 | |
| 583 | |a last modification |c 20090818 00:00:00 |k Rodrigo Vera | ||
| 999 | |c 335444 |d 335442 | ||